000
00269 a2200109 4500
020
_a
9781032791470
100
_a
Volker Ziemann
245
_a
A hands-on course in sensors using the Arduino and Raspberry Pi
250
_a
2nd
260
_b
CRC Press
_c
2024
942
_c
OO
999
_c
116037
_d
116036